[Event "Cornella Pinol Memorial 2nd"]
[Site "Cornella de Llobregat"]
[Date "2014.10.06"]
[Round "2"]
[White "Hernando Rodrigo, Julio Antonio"]
[Black "Carrasco Leon, Jose Fernando"]
[Result "1-0"]
[WhiteElo "2386"]
[BlackElo "2051"]
[PlyCount "79"]
[EventDate "2014.09.29"]
[EventType "swiss"]
[EventRounds "9"]
[EventCountry "ESP"]
[SourceTitle "EXT 2016"]
[Source "ChessBase"]
[SourceDate "2015.10.08"]
[SourceVersion "1"]
[SourceVersionDate "2015.10.08"]
[SourceQuality "1"]

1. d4 Nf6 2. c4 e5 3. dxe5 Ng4 4. Nh3 Nxe5 5. e3 Bb4+ 6. Bd2 Bxd2+ 7. Qxd2 d6 8. Nf4 0-0 9. Be2 Bf5 10. Nc3 Na6 11. 0-0 Qg5 12. Kh1 Ng6 13. Bf3 c6 14. g3 Rad8 15. Qd4 Rfe8 16. Qxa7 Nc5 17. b4 Ne5 18. Be2 Na6 19. a3 Qh6 20. Ng2 Rb8 21. Qd4 Nc7 22. Rad1 Ne6 23. Qh4 Qxh4 24. Nxh4 Bh3 25. Rfe1 Rbd8 26. Rd2 g5 27. Nf3 f5 28. Red1 Nf7 29. Nd4 Nxd4 30. Rxd4 Rd7 31. Bh5 Red8 32. Bxf7+ Kxf7 33. f3 Re7 34. e4 Ke6 35. Kg1 Red7 36. Kf2 h5 37. Ne2 fxe4 38. Rxe4+ Kf6 39. g4 hxg4 40. f4 1-0

[Event "Sant Boi op 36th"]
[Site "Sant Boi de Llobregat"]
[Date "2014.05.09"]
[Round "4"]
[White "Carrasco Leon, Jose Fernando"]
[Black "Romeu Perulles, Jaume"]
[Result "0-1"]
[WhiteElo "2058"]
[BlackElo "2060"]
[PlyCount "54"]
[EventDate "2014.04.04"]
[EventType "swiss"]
[EventRounds "9"]
[EventCountry "ESP"]
[SourceTitle "CBM 160 Extra"]
[Source "ChessBase"]
[SourceDate "2014.07.01"]
[SourceVersion "1"]
[SourceVersionDate "2014.07.01"]
[SourceQuality "1"]

1. d4 f5 2. Bg5 Nf6 3. e3 e6 4. Nc3 Be7 5. Nf3 0-0 6. Bd3 d5 7. Qd2 Ne4 8. Bxe7 Qxe7 9. Bxe4 fxe4 10. Ne5 Nd7 11. Nxd7 Bxd7 12. Qe2 a6 13. f4 b5 14. a4 b4 15. Nd1 c5 16. c3 a5 17. Nf2 bxc3 18. bxc3 cxd4 19. cxd4 Qb4+ 20. Qd2 Bxa4 21. Qxb4 axb4 22. Kd2 Rfc8 23. Rhc1 Rxc1 24. Rxc1 Bb3 25. Rb1 Ra2+ 26. Ke1 Bc4 27. Rxb4 Re2+ 0-1

[Event "Barcelona Tres Peons op 14th"]
[Site "Barcelona"]
[Date "2012.02.03"]
[Round "4"]
[White "Gallart Zafra, Jaume"]
[Black "Carrasco Leon, Jose Fernando"]
[Result "1-0"]
[WhiteElo "2206"]
[BlackElo "1935"]
[PlyCount "41"]
[EventDate "2012.01.13"]
[EventType "swiss"]
[EventRounds "9"]
[EventCountry "ESP"]
[SourceTitle "EXT 2013"]
[Source "ChessBase"]
[SourceDate "2012.11.22"]
[SourceVersion "1"]
[SourceVersionDate "2012.11.22"]
[SourceQuality "1"]

1. e4 e6 2. d4 d5 3. Nd2 Nf6 4. e5 Nfd7 5. Ngf3 c5 6. c3 Nc6 7. Bd3 cxd4 8. cxd4 Qb6 9. Nb3 a5 10. a4 Be7 11. 0-0 Qd8 12. Re1 Nb6 13. Bf4 Bd7 14. Nc5 Nxd4 15. Nxb7 Nxf3+ 16. Qxf3 Qb8 17. Nd6+ Bxd6 18. exd6 Qd8 19. Qh5 Bxa4 20. Rxe6+ Kf8 21. Re7 1-0

[Event "Manresa op"]
[Site "Manresa"]
[Date "2004.08.23"]
[Round "4"]
[White "Korneev, Oleg"]
[Black "Carrasco Leon, Jose Fernando"]
[Result "1-0"]
[WhiteElo "2587"]
[BlackElo "2016"]
[PlyCount "113"]
[EventDate "2004.08.21"]
[EventType "swiss"]
[EventRounds "9"]
[EventCountry "ESP"]
[SourceTitle "CBM 102 Extra"]
[Source "ChessBase"]
[SourceDate "2004.11.03"]
[SourceVersion "1"]
[SourceVersionDate "2004.11.03"]
[SourceQuality "1"]

1. e4 e6 2. d4 d5 3. Nd2 Nf6 4. e5 Nfd7 5. Bd3 c5 6. c3 Nc6 7. Ne2 Qb6 8. Nf3 cxd4 9. cxd4 f6 10. exf6 Nxf6 11. 0-0 Bd6 12. Rb1 0-0 13. Bf4 Qc7 14. Bxd6 Qxd6 15. Ng3 Nb4 16. a3 Nxd3 17. Qxd3 Bd7 18. Ne5 Rac8 19. Rfe1 Ba4 20. b3 Be8 21. a4 Nd7 22. Qe3 Nxe5 23. dxe5 Qc5 24. Qxc5 Rxc5 25. Rbc1 Rxc1 26. Rxc1 Bc6 27. Ne2 Rf5 28. f4 g5 29. g4 Rf8 30. fxg5 Rf3 31. Rc3 d4 32. Rxf3 Bxf3 33. Nxd4 Bxg4 34. a5 Kf7 35. Kf2 a6 36. b4 Bd1 37. h4 Ba4 38. Kg3 Bd1 39. Kf4 Ke7 40. Nf3 Kf7 41. Nd2 Kg6 42. Ne4 Bb3 43. Nf6 Bd1 44. Nd7 Bb3 45. Nc5 Bd5 46. Kg4 h6 47. h5+ Kg7 48. Nd3 Be4 49. Nf2 Bf5+ 50. Kh4 hxg5+ 51. Kxg5 Kh7 52. Ng4 Kg7 53. Nf6 Kh8 54. Nd7 Be4 55. Kf6 Bf3 56. Nc5 Bxh5 57. Nxb7 1-0

[Event "Barcelona Rubi op-A 5th"]
[Site "Barcelona"]
[Date "2004.04.??"]
[Round "1"]
[White "Carrasco Leon, Jose Fernando"]
[Black "Vehi Bach, Victor Manuel"]
[Result "0-1"]
[WhiteElo "2015"]
[BlackElo "2365"]
[PlyCount "62"]
[EventDate "2004.04.25"]
[EventType "swiss"]
[EventRounds "9"]
[EventCountry "ESP"]
[SourceTitle "EXT 2007"]
[Source "ChessBase"]
[SourceDate "2006.11.23"]
[SourceVersion "1"]
[SourceVersionDate "2006.11.23"]
[SourceQuality "1"]

1. d4 Nf6 2. c4 e6 3. Nc3 Bb4 4. Bg5 h6 5. Bh4 c5 6. d5 Bxc3+ 7. bxc3 d6 8. e3 Qe7 9. Bd3 e5 10. Ne2 Nbd7 11. 0-0 e4 12. Bxf6 Nxf6 13. Bc2 0-0 14. Ba4 Ng4 15. Ng3 Qh4 16. h3 Nxe3 17. fxe3 Qxg3 18. Qe1 Qxe1 19. Raxe1 b6 20. Rf4 f5 21. Ref1 Ba6 22. Bc6 Rab8 23. Bb5 Bxb5 24. cxb5 g6 25. c4 Kg7 26. g4 fxg4 27. Rxf8 Rxf8 28. Rxf8 Kxf8 29. hxg4 Kg7 30. Kg2 Kf6 31. Kg3 Kg5 0-1

[Event "Barcelona Rubi op 4th"]
[Site "Barcelona"]
[Date "2003.05.17"]
[Round "4"]
[White "Carrasco Leon, Jose Fernando"]
[Black "Fayula Cuyas, Manuel"]
[Result "1-0"]
[WhiteElo "2040"]
[BlackElo "2065"]
[PlyCount "83"]
[EventDate "2003.04.26"]
[EventType "swiss"]
[EventRounds "7"]
[EventCountry "ESP"]
[SourceTitle "EXT 2004"]
[Source "ChessBase"]
[SourceDate "2003.11.25"]
[SourceVersion "1"]
[SourceVersionDate "2003.11.25"]
[SourceQuality "1"]

1. d4 d5 2. c4 c6 3. e3 Nf6 4. Nc3 Be6 5. Qb3 b6 6. Nf3 dxc4 7. Bxc4 Bxc4 8. Qxc4 b5 9. Qb3 e6 10. 0-0 Nbd7 11. Bd2 a5 12. Qc2 Be7 13. e4 0-0 14. e5 Nd5 15. Ne4 Rc8 16. Rac1 c5 17. dxc5 Nxc5 18. Nxc5 Bxc5 19. Qd3 b4 20. Ng5 g6 21. Ne4 Be7 22. Rxc8 Qxc8 23. Rc1 Qd7 24. Qc4 f5 25. Nc5 Qc6 26. Nb3 Qxc4 27. Rxc4 Ra8 28. Rc6 Kf7 29. Nd4 a4 30. Nxe6 b3 31. axb3 axb3 32. g3 Ra1+ 33. Kg2 Rb1 34. Nf4 Nxf4+ 35. gxf4 Rxb2 36. e6+ Ke8 37. Rc8+ Bd8 38. Ba5 Ke7 39. Bxd8+ Kxe6 40. Rb8 Kd5 41. Bf6 Rb1 42. Rb7 1-0